Danilo, alebo, Život, ktorý bolí

Bibliographic Details
Main Author: Pekić, Borislav, 1930-1992 (Author)
Format: Article
Language:Slovak
Serbian
ISSN:0231-6714
Subjects:

MARC

LEADER 00000nab a2200000 a 4500
001 vtls008963333
003 SK-MaSNL
005 20260303070746.0
008 140402c2007 xo mr|p|||||||000 b|slo
015 |a SNBRB2007/04  |2 snkbucl 
038 |a SNKBUCL 
040 |a SNKBUCL  |b slo  |c SNKBUCL  |e AACR2 
041 1 |a slo  |h scc 
044 |a xo  |c SK 
080 |a 82:929:821.163.41  |2 2001 
080 |a 821.163.41:929  |2 2001 
080 |a 929 Kiš, Danilo  |2 2001 
100 1 |a Pekić, Borislav,  |d 1930-1992  |4 aut  |9 238341 
245 1 0 |a Danilo, alebo, Život, ktorý bolí  |c Borislav Pekić ; preložil Tomáš Čelovský 
600 1 7 |a Kiš, Danilo,  |d 1935-1989  |2 snkbucl  |9 125905 
650 0 7 |a spomienky  |2 snkbucl  |9 55795 
773 0 |t Romboid+. ARS v Romboide+  |g Roč. XLI/XLII, (2006/2007), s. 45-47  |x 0231-6714 
852 |a SNK  |b KIS3GCP 
958 |a LX 
958 |a YU 
958 |a BC 
999 |c 1756797  |d 1758727